Statystyki dla sklepy należące do krajów

Kliknij tutaj aby rozwiązać quiz!

Ogólne statystyki

  • Ten quiz został rozwiązany 50 razy
  • Średni wynik to 18 z 21

Statystyki odpowiedzi

sklepkraj% Poprawnych
LidlNiemcy
100%
ŻabkaPolska
95%
AuchanFrancja
93%
CarrefourFrancja
93%
LewiatanPolska
93%
DinoPolska
93%
AldiNiemcy
90%
KauflandNiemcy
90%
ABCPolska
90%
GroszekPolska
90%
StokrotkaPolska
90%
BiedronkaPortugalia
90%
Delikatesy CentrumPolska
88%
IntermarcheFrancja
83%
leclercFrancja
83%
Selgros Cash CarryPolska
75%
Prim marketPolska
75%
TopazPolska
75%
MakroNiemcy
70%
ArhelanPolska
63%
NettoDania
53%

Rozkład punktacji

Percentyl według liczby udzielonych odpowiedzi

Procent ludzi z każdym wynikiem

Twoja historia wyników

Nie rozwiązałeś tego quizu